Things That Are Red Quiz Stats

 Plays Quiz Updated Jun 12, 2018

Score 0/20 Timer 04:00
0 Plays Today
% Correct
Rose
97.8%
Raspberries
96.7%
Ladybug
96.3%
Lobster
96.3%
Ruby
93.5%
Barn
93.1%
Red Carpet
92.3%
Salsa
91.8%
Fire hydrant
90.6%
Rudolph's nose
90%
% Correct
Canadian flag
89.5%
Fire extinguisher
88.9%
Clifford
82.8%
Radishes
82.4%
Cardinal
77.6%
Hellboy
70%
Poinsettia
61.1%
Cranberries
46.8%
Siamese Fighting Fish
41.9%
Guava
40.8%

You're not logged in!

Compare scores with friends on all Sporcle quizzes.
OR
Log In

You Might Also Like...

Show Comments

Extras

Top Quizzes Today


Score Distribution

Your Account Isn't Verified!

In order to create a playlist on Sporcle, you need to verify the email address you used during registration. Go to your Sporcle Settings to finish the process.

Report this User

Report this user for behavior that violates our Community Guidelines.

Details: